[Event "Ta revanche pongiste"]
[Site "http://www.queenalice.com/game.php?id=309218"]
[Date "2007.11.24"]
[Round "-"]
[White "fabrice8989"]
[Black "kikinou"]
[Result "0-1"]
[WhiteElo "1543"]
[BlackElo "1724"]

1. d4 d5 2. Bf4 Be6 3. Nf3 Bg4 4. h3 Bxf3 5. exf3 Nc6 6. Nc3 Nf6 7. Bb5 e6 8.
Qd3 Bb4 9. a3 Bd6 10. Bxc6+ bxc6 11. Bg5 Rb8 12. b4 h6 13. Bh4 g5 14. Bg3 O-O
15. Be5 Nh5 16. O-O f5 17. g4 Bxe5 18. gxh5 Bf4 19. Rfe1 Qd6 20. Re2 Rbe8 21.
Rae1 Rf6 22. Na4 Qe7 23. Nc5 Qf7 24. Nxe6 Rexe6 25. Rxe6 Rxe6 26. Rxe6 Qxe6 27.
c4 dxc4 28. Qc3 Qf7 29. a4 a6 30. Qe1 Bd6 31. Kf1 Qe7 32. Qc3 Qe6 33. Qd2 f4 34.
Kg2 Kf8 35. b5 cxb5 36. axb5 axb5 37. Qa5 Qd5 38. Qa7 c3 39. Qb8+ Ke7 40. Qa7 c2
41. Qa1 Qc4 42. Qe1+ Kd7 0-1

[Event "Challenge"]
[Site "http://www.queenalice.com/game.php?id=309681"]
[Date "2007.11.25"]
[Round "-"]
[White "kikinou"]
[Black "danniel"]
[Result "1-0"]
[WhiteElo "1637"]
[BlackElo "1573"]

1. e4 e5 2. Nc3 g5 3. Nf3 Bd6 4. d3 f6 5. d4 c5 6. dxe5 Be7 7. Bc4 Nh6 8. Qd5 f5
9. exf5 Rf8 10. Ne4 Rxf5 11. h4 Nf7 12. hxg5 Nc6 13. Rxh7 Nb4 14. Qd2 d5 15.
Bb5+ Bd7 16. a4 c4 17. g6 Nxe5 18. g7 Rxf3 19. g8=Q+ Bf8 20. Nd6# 1-0

[Event "Challenge"]
[Site "http://www.queenalice.com/game.php?id=309686"]
[Date "2007.11.25"]
[Round "-"]
[White "kikinou"]
[Black "danniel"]
[Result "1-0"]
[WhiteElo "1300"]
[BlackElo "1573"]

1. d4 Nc6 2. e4 e5 3. dxe5 Nxe5 4. Nc3 a6 5. Bf4 Ng6 6. Nd5 Bd6 7. Nh3 h6 8. Qd4
f6 9. O-O-O c5 10. Qc3 Bxf4+ 11. Nhxf4 Ne5 12. Bc4 b5 13. Be2 Nc6 14. Bh5+ Kf8
15. Ng6+ Kf7 16. Nxh8+ Ke6 17. Qh3+ Kd6 18. Nf7# 1-0

[Event "C NAZE D'ETRE A ORLEANS"]
[Site "http://www.queenalice.com/game.php?id=312777"]
[Date "2007.11.30"]
[Round "-"]
[White "enzoiazo"]
[Black "kikinou"]
[Result "1-0"]
[WhiteElo "2049"]
[BlackElo "1749"]

1. d4 d5 2. Nf3 Nc6 3. c4 dxc4 4. d5 Nb8 5. e4 b5 6. a4 Qd7 7. axb5 Qxb5 8. Nc3
Qb3 9. Qd4 Ba6 10. Nd2 Qb6 11. Qxb6 cxb6 12. Bxc4 Bxc4 13. Nxc4 Nf6 14. O-O Nbd7
15. f4 Nc5 16. e5 Nfe4 17. Nb5 O-O-O 18. Rxa7 Rxd5 19. Nxb6+ Kb8 20. Nxd5 e6 21.
Nb4 Kc8 22. Rc7+ Kd8 23. Nc6+ Ke8 24. Rc8+ Kd7 25. Rc7+ Ke8 26. Rd1 Be7 27.
Rxe7+ Kf8 28. Rd8# 1-0

[Event "kikinou"]
[Site "http://www.queenalice.com/game.php?id=313245"]
[Date "2007.12.1"]
[Round "-"]
[White "foda"]
[Black "kikinou"]
[Result "0-1"]
[WhiteElo "1304"]
[BlackElo "1797"]

1. e4 e5 2. Bc4 Qf6 3. Nf3 Bc5 4. d3 Nc6 5. Bg5 Qd6 6. Nh4 Nf6 7. Nf5 Qf8 8. Bb5
Ng4 9. Qxg4 f6 10. Bh4 g6 11. Bxf6 Qxf6 12. Nh6 Qxf2+ 13. Kd1 Nd4 14. Re1 Qxc2#
0-1

[Event "Challenge"]
[Site "http://www.queenalice.com/game.php?id=315148"]
[Date "2007.12.5"]
[Round "-"]
[White "mogerio"]
[Black "kikinou"]
[Result "0-1"]
[WhiteElo "1234"]
[BlackElo "1819"]

1. e4 e5 2. d4 exd4 3. Qxd4 Nc6 4. Qd1 Nf6 5. Nc3 Bb4 6. a3 Bxc3+ 7. bxc3 Nxe4
8. Bd3 Nxc3 9. Qd2 Qe7+ 10. Ne2 Nd5 11. O-O d6 12. Bb2 Bg4 13. f3 Bh5 14. g4 Bg6
15. Bb5 Ne3 16. Rf2 Nxc2 17. Rd1 O-O 18. Bxc6 bxc6 19. Nf4 Ne3 20. Re2 Rfe8 21.
Rxe3 Qxe3+ 22. Qxe3 Rxe3 23. Bc1 Rxf3 24. Nxg6 hxg6 25. Rf1 Rc3 26. Bd2 Rxa3 27.
Bc1 Ra4 28. Rf4 Ra2 29. Rf2 Ra5 30. Bd2 Rd5 31. Bc3 Re8 32. h4 a5 33. h5 gxh5
34. gxh5 Rxh5 35. Rg2 g6 0-1

[Event "AUTO-BEG-163"]
[Site "http://www.queenalice.com/game.php?id=317086"]
[Date "2007.12.8"]
[Round "1"]
[White "kikinou"]
[Black "s2"]
[Result "0-1"]
[WhiteElo "1496"]
[BlackElo "1296"]

1. e4 e5 2. Nf3 Nc6 3. Bc4 g5 4. d3 a6 5. Nxg5 Nh6 6. Qh5 Qe7 7. Nc3 Kd8 8.
Nxf7+ Nxf7 9. Bxf7 Nd4 10. Bg5 Nxc2+ 11. Kd2 Nxa1 12. Bxe7+ Bxe7 13. Rxa1 c6 14.
g4 b5 15. g5 Bb7 16. Bg6 b4 17. Ne2 c5 18. Ng3 Bf8 19. Bxh7 d5 20. g6 dxe4 21.
Qxe5 Bg7 22. Qxg7 Re8 23. Qxb7 Rc8 24. dxe4 Re7 25. Qb6+ Ke8 26. Qxa6 Rd8+ 27.
Ke3 Rc7 0-1

[Event "AUTO-BEG-163"]
[Site "http://www.queenalice.com/game.php?id=317087"]
[Date "2007.12.8"]
[Round "1"]
[White "s2"]
[Black "kikinou"]
[Result "0-1"]
[WhiteElo "1286"]
[BlackElo "1819"]

1. e4 e5 2. Nf3 Nc6 3. c4 Nf6 4. a3 Nxe4 5. h4 Bc5 6. Qc2 Nxf2 7. Rg1 Nd4 8.
Nxd4 Bxd4 9. b4 Qxh4 10. Bb2 Nd3+ 11. Ke2 Qe4+ 12. Kd1 Qe1# 0-1

[Event "AUTO-BEG-163"]
[Site "http://www.queenalice.com/game.php?id=317088"]
[Date "2007.12.8"]
[Round "1"]
[White "kikinou"]
[Black "rgoncalves"]
[Result "0-1"]
[WhiteElo "1698"]
[BlackElo "1289"]

1. e4 e5 2. Nc3 b6 3. Bc4 Na6 4. Nf3 d6 5. d4 Bb7 6. d5 g6 7. Bb5+ Ke7 8. Qd3
Nb4 9. Qd2 Ba6 10. Ng5 Bh6 11. a3 Bxg5 12. Qxg5+ f6 13. Qg4 Nxc2+ 14. Kd1 Nxa1
15. Bxa6 Nb3 16. h4 Nxc1 17. Kxc1 h5 18. Qxg6 Kf8 19. Be2 Rh6 20. Qf5 Ne7 21.
Qe6 Ng6 22. g3 Kg7 23. Qf5 Ne7 24. Qf3 Kf7 25. g4 Qf8 26. gxh5 c5 27. dxc6 Nxc6
28. Nb5 Rc8 29. Bc4+ Ke7 30. Rd1 Na5 31. b3 Rc5 32. Qd3 Rc6 33. Qd5 Nxb3+ 34.
Kb2 Na5 35. Qe6+ Kd8 36. Rxd6+ Rxd6 37. Nxd6 Nxc4+ 38. Nxc4 f5 39. Qxe5 fxe4 40.
Qxe4 Qxf2+ 41. Kb3 Qf7 42. Qa8+ Ke7 43. Qxa7+ Kf8 44. Qb8+ Kg7 45. Kb4 Qf8+ 46.
Qxf8+ Kxf8 47. Kb5 Rxh5+ 48. Kxb6 Rxh4 49. Kb5 Ke7 50. a4 Kd7 51. a5 Kc7 52. Nb6
Kb7 53. a6+ Ka7 54. Nc8+ Ka8 55. a7 Rh6 56. Ka5 Rc6 57. Ne7 Rc7 0-1

[Event "AUTO-BEG-163"]
[Site "http://www.queenalice.com/game.php?id=317089"]
[Date "2007.12.8"]
[Round "1"]
[White "rgoncalves"]
[Black "kikinou"]
[Result "0-1"]
[WhiteElo "1276"]
[BlackElo "1698"]

1. e4 e5 2. Nc3 Bc5 3. Na4 d6 4. c3 Qf6 5. Nh3 Nh6 6. d4 exd4 7. Nxc5 dxc5 8.
Bxh6 gxh6 9. cxd4 cxd4 10. Bc4 Nc6 11. O-O Bg4 12. Qxg4 Rd8 13. Rfe1 d3 14. Rad1
d2 15. Re2 Ne5 16. Qg3 Nxc4 17. Qxc7 Qxb2 18. Qxc4 O-O 19. e5 Rd4 20. Qc7 a5 21.
Qxa5 Rfd8 22. f3 b5 23. Nf2 b4 24. Ne4 Qc2 25. Nf2 h5 26. h3 h4 27. Kh2 Qg6 28.
g4 hxg3+ 29. Kg2 gxf2+ 30. Kxf2 Qh6 31. Kg3 Qf4+ 32. Kf2 Qh2+ 33. Ke3 Rd3+ 0-1

[Event "YouLoseSorry"]
[Site "http://www.queenalice.com/game.php?id=317754"]
[Date "2007.12.10"]
[Round "1"]
[White "kikinou"]
[Black "fabrice8989"]
[Result "1-0"]
[WhiteElo "1797"]
[BlackElo "1570"]

1. d4 d5 2. Nf3 Nc6 3. Bf4 Bg4 4. e3 a6 5. Nc3 f6 6. Qd3 Bxf3 7. gxf3 e5 8. dxe5
fxe5 9. Bg3 Nf6 10. O-O-O Bb4 11. Nxd5 O-O 12. Qc4 Bd6 13. Nxf6+ Kh8 14. Ng4 Nb4
15. Nxe5 Qe7 16. f4 Bxe5 17. fxe5 b5 18. Qe4 Nxa2+ 19. Kb1 Nb4 20. c3 Rad8 21.
Be2 Rxd1+ 22. Rxd1 1-0

[Event "Challenge"]
[Site "http://www.queenalice.com/game.php?id=318213"]
[Date "2007.12.11"]
[Round "-"]
[White "kikinou"]
[Black "enzoiazo"]
[Result "0-1"]
[WhiteElo "1770"]
[BlackElo "2070"]

1. Nf3 Nf6 2. Nc3 d5 3. d4 Bf5 4. Bf4 e6 5. Be5 Bd6 6. e3 O-O 7. Bd3 Ne4 8. h4
Bxe5 9. Nxe5 Nd7 10. g4 Nxc3 11. bxc3 Bxd3 12. Nxd3 c5 13. Rb1 Rb8 14. Nxc5 Nxc5
15. dxc5 Qa5 16. O-O Qxc3 17. Rb5 a6 18. Rb3 Qxc5 19. Qd3 b5 20. g5 Qc4 21. Qxc4
bxc4 22. Ra3 Rb6 23. f4 f6 24. Kg2 Rc8 25. c3 Rc5 26. Kg3 Rcb5 27. h5 Rb2 28.
Rg1 fxg5 29. fxg5 Re2 30. Kf3 Rh2 31. Kg4 Kf7 32. Rf1+ Ke7 33. Ra4 Re2 34. Rf3
e5 35. Kg3 e4 36. Rf5 Rxe3+ 37. Kg4 Ke6 38. Ra3 Rg3+ 39. Kxg3 Kxf5 40. Kh4 Kf4
41. Ra5 Rd6 42. Kh3 Kf3 43. Rc5 e3 44. Rc7 e2 45. Re7 Kf2 46. Rxe2+ Kxe2 47. Kg4
d4 48. cxd4 c3 49. Kf5 c2 50. Ke5 Rd8 51. d5 c1=Q 52. Ke6 Qe3+ 53. Kf7 Qe8+ 54.
Kxg7 Qf8+ 55. Kxh7 Qg8+ 56. Kh6 Rxd5 57. g6 Qh8# 0-1

[Event "bon allez je retente ma chance.."]
[Site "http://www.queenalice.com/game.php?id=323544"]
[Date "2007.12.20"]
[Round "-"]
[White "fabrice8989"]
[Black "kikinou"]
[Result "1-0"]
[WhiteElo "1685"]
[BlackElo "1819"]

1. d4 d5 2. c4 b6 3. cxd5 Qxd5 4. Nc3 Qc6 5. e4 Qg6 6. Nf3 e6 7. Ne5 Qf6 8. Bb5+
Bd7 9. O-O Bb4 10. Nxd7 Nxd7 11. Bxd7+ Kxd7 12. Qa4+ c6 13. Qxb4 Rd8 14. Qa4 a5
15. d5 exd5 16. Nxd5 Qe6 17. Rd1 Kc8 18. Nxb6+ Kb8 19. Rxd8+ Kc7 20. Qd4 c5 21.
Na8+ Kc6 22. Qa4+ Kb7 23. Qb5+ Ka7 24. Qxa5+ Qa6 25. Qxc5+ Qb6 26. Qxb6# 1-0

[Event "kikinou x dani29rock"]
[Site "http://www.queenalice.com/game.php?id=324221"]
[Date "2007.12.22"]
[Round "-"]
[White "kikinou"]
[Black "dani29rock"]
[Result "0-1"]
[WhiteElo "1657"]
[BlackElo "1343"]

1. Nf3 d5 2. d4 Nf6 3. Nc3 Bg4 4. e3 Nc6 5. Bb5 e6 6. h3 Bxf3 7. Qxf3 Bd6 8. e4
dxe4 9. Nxe4 a6 10. Bxc6+ bxc6 11. O-O e5 12. Rd1 Nd5 13. dxe5 Bxe5 14. Ng5 f6
15. Ne4 O-O 16. c4 f5 17. cxd5 cxd5 18. Nc5 Qd6 19. Rxd5 Qb6 20. Nd7 Qc6 21.
Nxf8 Rxf8 22. Rxe5 Qd6 23. Rxf5 g6 24. Qb3+ Kg7 25. Rd5 Qe6 26. g4 Qe1+ 27. Kh2
Qxf2+ 28. Kh1 Qe1+ 29. Kg2 Rf2+ 30. Kg3 Rf5+ 31. Kg2 Qe4+ 32. Kg1 Rxd5 33. Qc3+
Kg8 34. Bh6 Kf7 35. Qg7+ Ke8 36. Qg8+ Kd7 37. Qxh7+ Kc6 38. Rc1+ Kb5 0-1

[Event "pour, ton classement 70"]
[Site "http://www.queenalice.com/game.php?id=326875"]
[Date "2007.12.28"]
[Round "-"]
[White "fabrice8989"]
[Black "kikinou"]
[Result "1-0"]
[WhiteElo "1701"]
[BlackElo "1762"]

1. d4 d5 2. c4 c5 3. e3 cxd4 4. cxd5 dxe3 5. Bxe3 Qa5+ 6. Nc3 Nf6 7. Qb3 e6 8.
Bb5+ Bd7 9. Bxd7+ Nbxd7 10. dxe6 fxe6 11. Qxe6+ Be7 12. Nf3 Nc5 13. Bxc5 Qxc5
14. Ne5 Rf8 15. Rd1 Rd8 16. O-O Rxd1 17. Rxd1 Qa5 18. Nd5 Qd8 19. Nxf6+ Rxf6 20.
Rxd8+ Kxd8 21. Qd7# 1-0

[Event "tdr à combien ??"]
[Site "http://www.queenalice.com/game.php?id=328287"]
[Date "2007.12.30"]
[Round "-"]
[White "kikinou"]
[Black "fabrice8989"]
[Result "0-1"]
[WhiteElo "1726"]
[BlackElo "1723"]

1. Nf3 Nf6 2. Nc3 g6 3. e4 d5 4. exd5 Nxd5 5. d4 Bg7 6. Nxd5 Qxd5 7. c3 O-O 8.
Bd3 Bg4 9. Be2 Nc6 10. Be3 e5 11. Nxe5 Nxe5 12. f3 Bf5 13. dxe5 Qxd1+ 14. Rxd1
Bxe5 15. f4 Bd6 16. O-O Rfe8 17. Rf3 Bg4 0-1

[Event "Challenge"]
[Site "http://www.queenalice.com/game.php?id=328735"]
[Date "2007.12.31"]
[Round "-"]
[White "luongo_00001"]
[Black "kikinou"]
[Result "1-0"]
[WhiteElo "1411"]
[BlackElo "1698"]

1. d4 d5 2. Nf3 e6 3. e3 Nf6 4. Bd3 Bd6 5. Nbd2 O-O 6. O-O Nc6 7. Re1 e5 8. e4
dxe4 9. Nxe4 exd4 10. Nxf6+ Qxf6 11. h4 Bf4 12. Bxf4 Qxf4 13. g3 Qf6 14. Be4 Bg4
15. Qd3 Rad8 16. Bxh7+ Kh8 17. Ng5 Ne5 18. Rxe5 Qxe5 19. Bg8 Qf5 20. Qxf5 Bxf5
21. Bxf7 Rd6 22. Bc4 Rdf6 23. Bd3 Bxd3 24. cxd3 c5 25. Rc1 Rxf2 26. Rxc5 b6 27.
Rc7 a5 28. Ne6 Rf1+ 29. Kg2 R8f2+ 30. Kh3 Rxb2 31. a4 Rb4 32. Ng5 Rf8 33. h5
Rxa4 34. Kh4 b5 35. g4 b4 36. Ne6 Rg8 37. Nxd4 Ra3 38. Ra7 a4 39. g5 Rxd3 40.
Ne6 b3 41. Rxa4 b2 42. Rb4 Rd2 43. g6 Re8 44. Ng5 Rc8 45. Rb3 Rdc2 46. Rb7 Ra8
47. Rb3 Rac8 48. Rb7 R8c4+ 49. Kg3 R2c3+ 50. Nf3 Rc2 51. Nd2 Kg8 52. Nxc4 1-0

[Event "YouLoseSorry"]
[Site "http://www.queenalice.com/game.php?id=329902"]
[Date "2008.1.3"]
[Round "2"]
[White "gilou"]
[Black "kikinou"]
[Result "1-0"]
[WhiteElo "1676"]
[BlackElo "1618"]

1. e4 Nc6 2. c3 e5 3. Nf3 Nf6 4. Ng5 Bc5 5. Qb3 d5 6. c4 dxe4 7. f3 Bf5 8. Nc3
Qd4 9. Qxb7 O-O 10. Qxc6 Qf2+ 11. Kd1 Bb6 12. Ncxe4 Nxe4 13. fxe4 Bg4+ 14. Kc2
Be3 15. Nh3 Bxh3 16. gxh3 Rfd8 17. Bd3 Bf4 18. b3 1-0